The trumpet of conscience / (Record no. 57542)
[ view plain ]
| 000 -CABECERA | |
|---|---|
| campo de control de longitud fija | 00571nam a2200193 a 4500 |
| 005 - FECHA Y HORA DE LA ÚLTIMA TRANSACCIÓN | |
| campo de control | 20210223123639.0 |
| 008 - ELEMENTOS DE LONGITUD FIJA--INFORMACIÓN GENERAL | |
| campo de control de longitud fija | 991125s1967 ea 000 0 eng u |
| 035 ## - NÚMERO DE CONTROL DEL SISTEMA | |
| Número de control de sistema | UPN01000057542 |
| 049 ## - COLECCIÓN | |
| Colección | CG |
| 050 #4 - SIGNATURA TOPOGRÁFICA DE LA BIBLIOTECA DEL CONGRESO | |
| Número de clasificación | E185.6 |
| Número de documento/Ítem | K5.7 |
| 100 1# - ASIENTO PRINCIPAL--NOMBRE PERSONAL | |
| Nombre de persona | King, Martin Luther, |
| Fechas asociadas al nombre | 1929-1968 |
| 245 14 - MENCIÓN DE TÍTULO | |
| Título | The trumpet of conscience / |
| Mención de responsabilidad, etc. | Martin Luther King. |
| 260 ## - PUBLICACIÓN, DISTRIBUCIÓN, ETC. | |
| Lugar de publicación, distribución, etc. | New York : |
| Nombre del editor, distribuidor, etc. | Harper & Row, |
| Fecha de publicación, distribución, etc. | 1967. |
| 300 ## - DESCRIPCIÓN FÍSICA | |
| Extensión | 78 p |
| 650 #4 - ASIENTO SECUNDARIO DE MATERIA - TERMINO TEMATICO | |
| Término de materia o nombre geográfico como elemento de entrada | NEGROS - |
| Subdivisión general | CONDICIONES MORALES |
| 650 #4 - ASIENTO SECUNDARIO DE MATERIA - TERMINO TEMATICO | |
| Término de materia o nombre geográfico como elemento de entrada | NEGROS - |
| Subdivisión general | CONDICIONES SOCIALES |
| 651 #4 - ASIENTO SECUNDARIO DE MATERIA - NOMBRE GEOGRAFICO | |
| Nombre geográfico | ESTADOS UNIDOS - |
| Subdivisión general | CUESTION RACIAL |
| 9 (RLIN) | 23752 |
| 905 ## - TIPO DE MATERIAL | |
| Tipo de material | Libro |
| Estado de retiro | Estado de pérdida | Fuente del sistema de clasificación o colocación | Estado dañado | No para préstamo | Código de colección | Localización permanente | Ubicación/localización actual | Ubicación en estantería | Total de préstamos | Clasificación | Código de barras | Fecha visto por última vez | Número de copia | Tipo de ítem Koha |
|---|---|---|---|---|---|---|---|---|---|---|---|---|---|---|
| Library of Congress Classification | Colección General | Bib. Gregorio Torres Quintero | Bib. Gregorio Torres Quintero | Planta baja | 2 | E185.6 K5.7 | 35795 | 31/12/2020 | 1 | Libro |
